00726nam a2200229Ia 4500003000400000005001700004008004100021020001800062040000700080041000800087082002300095100003000118245004200148250000600190260004600196300001800242365001400260906004400274942001200318999001900330952014700349OSt20230509113318.0210423s2008 xx 000 0 und d a9780763759636 cAL aeng a574.88 223b TROB aTROPP (Burton E).9100635 aMolecular biology: genes to proteins. a3 aBostonbJones & Bartlett Publishersc2008 axxiv,1000bPB b2640cINR abiology: ; genes ; Molecular ; proteins 2ddccBK c164000d164000 001040708BIOCaSACPGbSACPGd2009-08-10eAthulya Booksg2640.00l1o574.88 TROBpPG010498r2024-09-20 00:00:00s2024-09-11w2021-04-26yBK